000 00710nam a2200265Ia 4500
003 OSt
005 20221006151520.0
006 a|||||r|||| 00| 0
007 ta
008 221006b |||||||| |||| 00| 0 chi d
020 _a9787561906354
024 _a22,402
037 _bGift,
_cTextual
040 _aEASL
_cEASL
_bchi
041 _2chi
_achi
082 _aMY41, N8
100 _aZHOU Jian Ed.
_9659410
245 0 _aHanyu keteng tiaoxul jiqiao yu youxi
260 _aBeijing
_bBeijing Yuyan Wenhua Daxue Chubanshe China
_c1998
300 _a204p.
_ccm.
490 _v CL
650 _aCL
_9642733
942 _hMY41, N8
_cTEXL
_2CC
999 _c1090488
_d1090488